Tâm lí học. t.II /

Saved in:
Bibliographic Details
Main Author: Bùi Ngọc Oánh.
Other Authors: Nguyễn Hữu Nghĩa., Triệu Xuân Quýnh.
Format: Book (Paper)
Language:Vietnamese
Published: TP. HCM : Đại học Sư phạm, 1995.
Subjects:
Tags: Add Tag
No Tags, Be the first to tag this record!
Institutions: Thư viện Trường Đại học Đà Lạt
LEADER 01123nam a2200361 4500
001 DLU110121083
005 ##20110511
040 # # |a DLU  |b vie 
041 # # |a vie 
044 # # |a vn 
082 # # |a 150  |b BU-O 
100 # # |a Bùi Ngọc Oánh. 
245 # # |a Tâm lí học.  |n t.II /  |c Bùi Ngọc Oánh, Nguyễn Hữu Nghĩa, Triệu Xuân Quýnh. 
246 # # |a Tâm lý học 
260 # # |a TP. HCM :  |b Đại học Sư phạm,  |c 1995. 
300 # # |a 218 tr. ;  |c 20 cm. 
505 # # |a Chương V. Hoạt động nhận thức -- Chương VI. Đời sống tình cảm -- Chương VII. Hành động và ý chí -- Chương VIII. Trí nhớ -- Chương IX. Tính cách và khí chất -- Chương X. Xu hướng và năng lực. 
653 # # |a Giáo trình 
653 # # |a Tâm lý học 
700 # # |a Nguyễn Hữu Nghĩa. 
700 # # |a Triệu Xuân Quýnh. 
923 # # |a 05/2011 
990 # # |a t.II 
991 # # |a GT 
992 # # |a 10000 
994 # # |a DLU 
900 # # |a True 
911 # # |a Đào Thị Thu Huyền 
925 # # |a G 
926 # # |a A 
927 # # |a SH 
980 # # |a Thư viện Trường Đại học Đà Lạt